| 000 | 00825nam a2200289 4500 | ||
|---|---|---|---|
| 001 | 10951 | ||
| 003 | ES-MaACL | ||
| 005 | 20230906150009.0 | ||
| 007 | t| | ||
| 008 | 890926s1982 sp ||||0| spa j | ||
| 016 | 7 | _zIBH82016220 | |
| 020 | _a84-320-7316-4 | ||
| 040 |
_aIBH _bspa _cM-BN-DP |
||
| 080 | _a32(4)"19" | ||
| 080 | _a338(4)"19" | ||
| 100 | 1 |
_aQuiñonero, Juan Pedro. _994746 |
|
| 245 | 1 | 3 |
_aLa gran mutación _b: Europa-España / _cJuan Pedro Quiñonero. |
| 260 |
_aBarcelona : _bPlaneta, _c1982. |
||
| 300 |
_a222 p ; _c24 cm. |
||
| 490 | 1 | _aColección Tablero | |
| 500 | _aIndice. | ||
| 651 | 4 |
_aEuropa- _xHistoria- _yS.XX. _98614 |
|
| 651 | 4 |
_aEuropa- _xSituación económica. _98633 |
|
| 830 | 0 |
_aColección Tablero _9177935 |
|
| 852 |
_aES-MaACL _jL-18242 _bR.123471 |
||
| 999 |
_c10951 _d10951 |
||